Život vo viere

Podrobná bibliografia
Hlavný autor: Jankovská, Monika (Author)
Médium: Článok
Jazyk:Slovak
Témy:
Zdroj: 1. Katolícke noviny 1. Roč. 114, č. 47(1999), s. 18
LEADER 00897nab#a2200325#ar4500
001 000032713
003 SVKKK
005 00000000000000.0
008 c xo e sloo
FMT
038 |a SVKKK 
040 |a SVKKK  |b slo  |e AACR2 
041 0 |a slo 
044 |a xo  |c SK 
080 |a 28  |2 1981 
080 |a 929 Gič, Joze  |2 1981 
100 1 |a Jankovská, Monika  |4 aut 
245 1 0 |a Život vo viere  |c Jankovská Monika, 
600 1 4 |a Gič, Jozef,  |d 1917,  |x kňaz rímskokatolícky, spisovateľ náboženský, prekladateľ, historik, väznený  |x Sečovská Polianka  |x Snina  |x pôsobenie 
650 0 4 |a Gič, Jozef (1917-,)  |x profily 
773 0 |t Katolícke noviny  |g Roč. 114, č. 47(1999), s. 18 
957 |a Sečovská Polianka 
957 |a Snina 
958 |a SV 
958 |a VT 
974 |d 000113  |a SAB 
992 |a RBX 
BAS
852 |a SVKKK  |b BIB 
998 |a REG